Generalist practice with organizations and communities / (Record no. 3219)
[ view plain ]
| 000 -LEADER | |
|---|---|
| fixed length control field | 01261pam a2200193 a 4500 |
| 020 ## - INTERNATIONAL STANDARD BOOK NUMBER | |
| ISBN | 0830414002 |
| 020 ## - INTERNATIONAL STANDARD BOOK NUMBER | |
| ISBN | 9780830414000 |
| 050 00 - CALL NUMBER | |
| Classification number | HV40 |
| Item number | .K57 |
| 100 2# - AUTHOR | |
| Personal name | Kirst-Ashman, Karen Kay. |
| 245 10 - TITLE | |
| Title | Generalist practice with organizations and communities / |
| Statement of responsibility, etc | Karen K. Kirst-Ashman and Grafton H. Hull, Jr. |
| 260 ## - PUBLICATION INFORMATION | |
| Place of publication | Chicago : |
| Name of publisher | Nelson-Hall Publishers, |
| Year of publication | c1997. |
| 300 ## - DESCRIPTION | |
| Number of Pages | xxi, 576 p. : |
| Other physical details | ill. ; |
| Dimensions | 26 cm. |
| 505 ## - FORMATTED CONTENTS NOTE | |
| Table of Content | Using Micro Skills in the Macro Environment --<br/>Using Mezzo Skills in the Macro Environment --<br/>Understanding Organizations --<br/>Prepare--Decision Making for Organizational Change --<br/>Imagine--How to Implement Macro Intervention: Changing Agency Policy --<br/>Imagine--Project Implementation and Program Development --<br/>Understanding Neighborhoods and Communities --<br/>Macro Practice in Communities --<br/>Evaluating Macro Practice --<br/>Advocacy and Social Action with Populations-at-Risk --<br/>Ethics and Ethical Dilemmas in Macro Practice --<br/>Working with the Courts --<br/>Developing and Managing Agency Resources --<br/>Stress and Time Management --<br/>Resumes, Interviewing, and Getting the Job. |
| 650 #0 - SUBJECTS | |
| Topical Term | Social service. |
| 650 #0 - SUBJECTS | |
| Topical Term | Social case work. |
| 650 #0 - SUBJECTS | |
| Topical Term | Community organization. |
| 700 1# - OTHER AUTHORS | |
| Personal name | Hull, Grafton H., |
| 942 ## - ADDED ENTRY ELEMENTS (KOHA) | |
| Koha item type | Books |
| Withdrawn status | Lost status | Home library | Current library | Shelving location | Date acquired | Full call number | Accession Number | Copy number | Koha item type |
|---|---|---|---|---|---|---|---|---|---|
| Methodist University Library Main | Methodist University Library Main | General Stacks | HV40 .K57 | 36568 | 1 | Books |